000 00458nam a2200181Ia 4500
001 5128
005 20260306145845.0
008 260306t1998||||xx |||||||||||||| ||spa||
041 _aESP
082 _a333.72
_bP77
100 _aFoy Valencia, Pierre
_eAUT
245 0 _aAgenda 21:
_bDesarrollo sostenible: un programa para la acción
260 _c1998
300 _a609 páginas :
_c24 cm.
650 _aGEN
654 _aCAN
942 _cLIB
_dJUS
_fJUS
_2ddc
_n
999 _c5128
_d5128